Itha ividevare(ഇതാ ഇവിടെവരെ) (Record no. 115342)

MARC details
000 -LEADER
fixed length control field 00428 a2200157 4500
005 - DATE AND TIME OF LATEST TRANSACTION
control field 20260328111738.0
008 - FIXED-LENGTH DATA ELEMENTS--GENERAL INFORMATION
fixed length control field 260313b |||||||| |||| 00| 0 eng d
020 ## - INTERNATIONAL STANDARD BOOK NUMBER
International Standard Book Number 9789357324496
080 ## - UNIVERSAL DECIMAL CLASSIFICATION NUMBER
Universal Decimal Classification number FM
Item number PAD/I
100 ## - MAIN ENTRY--PERSONAL NAME
Personal name Padmarajan,P
245 ## - TITLE STATEMENT
Title Itha ividevare(ഇതാ ഇവിടെവരെ)
260 ## - PUBLICATION, DISTRIBUTION, ETC. (IMPRINT)
Name of publisher, distributor, etc D C books.
Place of publication, distribution, etc Kottayam.
Date of publication, distribution, etc 2024.
300 ## - PHYSICAL DESCRIPTION
Extent 96p.
653 ## - INDEX TERM--UNCONTROLLED
Uncontrolled term Fiction-Novel-Malayalam Literature
942 ## - ADDED ENTRY ELEMENTS (KOHA)
item type Books
Holdings
Lost status Source of classification or shelving scheme Not for loan Home library Current library Shelving location Date acquired Cost, normal purchase price Total Checkouts Full call number Barcode Date last seen Cost, replacement price Price effective from Koha item type
  Universal Decimal Classification Not For Loan University Library University Library On Display 03/03/2026 80.00   FM PAD/I 00097424 03/03/2026 120.00 03/03/2026 Books
University Library, CUSAT